Feijoò critico-moral, y reflexivo de su Theatro sobre errores comunes (Record no. 153358)
[ view plain ]
| 000 -LEADER | |
|---|---|
| campo de control de longitud fija | 01425nam a22002295i 4500 |
| 001 - NÚMERO DE CONTROL | |
| campo de control | 153358 |
| 003 - IDENTIFICADOR DE NÚMERO DE CONTROL | |
| campo de control | ES-MaACL |
| 005 - FECHA Y HORA DE LA ÚLTIMA TRANSACCIÓN | |
| campo de control | 20250723051957.0 |
| 008 - DATOS DE LONGITUD FIJA--INFORMACIÓN GENERAL | |
| campo de control de longitud fija | 990618s1765 sp |||| | spa d |
| 040 ## - FUENTE DE CATALOGACIÓN | |
| Centro catalogador/agencia de origen | CLM |
| Lengua de catalogación | spa |
| Centro/agencia transcriptor | CLM |
| 100 1# - ENTRADA PRINCIPAL--NOMBRE DE PERSONA | |
| Nombre de persona | Cuesta, Leonardo Antonio de la. |
| 9 (RLIN) | 126663 |
| 245 10 - MENCIÓN DEL TÍTULO | |
| Título | Feijoò critico-moral, y reflexivo de su Theatro sobre errores comunes |
| Resto del título | : con un breve resumen de cada uno de sus discursos ... / |
| Mención de responsabilidad, etc. | su autor Don Leonardo Antonio de la Cuesta ... ; tomo nono. |
| 260 ## - PUBLICACIÓN, DISTRIBUCIÓN, ETC. | |
| Lugar de publicación, distribución, etc. | En Madrid : |
| Nombre del editor, distribuidor, etc. | en la oficina de Manuel Martin ..., |
| Fecha de publicación, distribución, etc. | 1765. |
| 300 ## - DESCRIPCIÓN FÍSICA | |
| Extensión | [2], 28, [4], 29-57, [3], 59-88, [2], 89-116, [4], 117-146, [2], 147-176, [2], 177-203, [4], 205-233, [2], 235-262, [4], 263-290, [4], 291-319, [3], 321-346, [6], 347-373, [5], 375-401, [5], 403-430, [4], 431-457 p., [1] en bl. ; |
| Dimensiones | 8º. |
| 597 ## - NOTA DE DESCRIPCIÓN FÍSICA | |
| NOTA DE DESCRIPCIÓN FÍSICA | Sign. : A-2H\p8\s, 2I\p7\s. |
| 597 ## - NOTA DE DESCRIPCIÓN FÍSICA | |
| NOTA DE DESCRIPCIÓN FÍSICA | Cada discurso con portadilla propia. |
| 600 17 - PUNTO DE ACCESO ADICIONAL DE MATERIA--NOMBRE DE PERSONA | |
| Nombre de persona | Feijoo, Benito Jerónimo, |
| Fechas asociadas al nombre | 1676-1764. |
| Título de la obra | Teatro crítico universal- |
| Subdivisión de forma | Crítica e interpretación |
| Fuente del encabezamiento o término | |
| 9 (RLIN) | 127028 |
| 700 11 - ENTRADA AGREGADA--NOMBRE PERSONAL | |
| Nombre de persona | Martín, Manuel, |
| Término indicativo de función/relación | |
| 9 (RLIN) | 77344 |
| 752 ## - ENTRADA AGREGADA--NOMBRE JERÁRQUICO DEL LUGAR | |
| País o entidad superior | España - |
| Ciudad | Madrid |
| 852 ## - LOCALIZACIÓN | |
| Ubicación | ES-MaACL |
| Número de control de estantería | R-1262 |
| Nota libre | -- Enc. perg. |
| Encuadernación | -- Edic.: el ejemp. descrito en CCPB debe estar incompleto. Añadir en T300 [2] en bl., [2], 459-486 p., [2] en bl. y las sign. acaban en 2L\p8\s -- En colofón (p. 484) consta: "Hallaràse todos los martes en la librería de Castillo ..." |
| Estatus retirado | Estado de pérdida | Estado de daño | No para préstamo | Colección | Biblioteca de origen | Biblioteca actual | Ubicación en estantería | Fecha de adquisición | Fuente de adquisición | Total de préstamos | Signatura topográfica completa | Código de barras | Visto por última vez | Precio de reemplazo | Tipo de ítem Koha |
|---|---|---|---|---|---|---|---|---|---|---|---|---|---|---|---|
| Libros del s. XVIII | Biblioteca del Ateneo de Madrid | Biblioteca del Ateneo de Madrid | Depósito | 17/01/2008 | R-1262 | 1160270 | 23/02/2023 | 23/02/2023 | Libro impreso antiguo |
